000 00848nam a22002057a 4500
005 20111108105316.0
010 _aG-001612
020 _c195.00
_a9788189107604
035 1 d _aG-001612
037 _bGift
082 _a158.1
100 _aChuter, Jonathan
_936158
245 _aThe mind menu:
_cby Jonathan Chuter
_ba practical guide to creating the life you want through the power of your thoughts /
260 _aBhopal
_bIndra Publishing Hosue
_c2009
270 _aE-5/21, Arera Colony, Habibganj Police Station Road,
_bBhopal
_e462016
300 _a248p.
_c24cm(pbk)
942 _2ddc
_cEN
_mCHU
_h158.1
999 _c58192
_d58192